Pokémon - Les attaques de Dunaja - Statistiques

Statistiques générales
  • Ce quiz a été pris 16 fois
  • Le résultat moyen est 8 sur 12
Statistiques - réponses
Niveaux Types Noms des attaques % Correct
Niveau 30 Sol Tunnel
100%
Niveau 45 Poison Enroulement
83%
Départ Sol Jet de Sable
83%
Niveau 15 Sol Piétisol
83%
Niveau 35 Roche Tempête de Sable
83%
Niveau 50 Sol Tourbi-Sable
83%
Départ Normal Ligotage
67%
Niveau 25 Normal Regard Médusant
67%
Niveau 40 Normal Souplesse
50%
Niveau 10 Ténèbres Centrifugifle
33%
Niveau 20 Normal Coup d'Boule
33%
Niveau 5 Normal Lilliput
33%
Aucun quiz correspondant
Distribution des résultats
% des personnes avec chaque résultat
Percentile par nombre de réponses
Votre historique - résultats
Vous n’avez pas pris ce quiz